De la costilla de Eva
Serie de poemas con connotación feminista en donde la mujer es un igual al hombre, y no existen diferencias. En estos poemas se expresa el sentido de poder de la mujer en el que decide por sí misma. Propiamente uno de sus poemas pone sobre la mesa las reglas para los hombres que quieran amar a una m...
Gorde:
| Egile nagusia: | |
|---|---|
| Formatua: | Liburua |
| Hizkuntza: | Undetermined |
| Argitaratua: |
Managua, Nicaragua
Nueva Nicaragua
1986
|
| Gaiak: | |
| Etiketak: |
Etiketa erantsi
Etiketarik gabe, Izan zaitez lehena erregistro honi etiketa jartzen!
|
MARC
| LEADER | 00000nam a2200000Ia 4500 | ||
|---|---|---|---|
| 008 | 170316s9999 xx 000 0 und d | ||
| 040 | |a cru BVZT | ||
| 090 | |a 860 B-18d | ||
| 100 | |a Belli, Gioconda |9 1331 | ||
| 245 | |a De la costilla de Eva | ||
| 260 | |a Managua, Nicaragua | ||
| 260 | |b Nueva Nicaragua | ||
| 260 | |c 1986 | ||
| 300 | |a 142 páginas | ||
| 520 | |a Serie de poemas con connotación feminista en donde la mujer es un igual al hombre, y no existen diferencias. En estos poemas se expresa el sentido de poder de la mujer en el que decide por sí misma. Propiamente uno de sus poemas pone sobre la mesa las reglas para los hombres que quieran amar a una mujer. | ||
| 650 | |a LITERATURA LATINOAMERICANA |9 15 | ||
| 999 | |c 8385 |d 8385 | ||
| 942 | |c 15 D |h 860 B-18d |2 z | ||
